000 00562nam a2200193Ia 4500
003 GCL
008 140319s9999 xx 000 0 ara d
040 _aGCL /
_cGCL
082 0 4 _a133.52
_bم ا
100 1 _aماجى فرح
245 1 0 _a2006 سنة الانهيارات الدراماتيكية /
_cماجى فرح
260 _aبيروت :
_bدار الميم ،
_c2006
300 _a607 ص ؛
_c24 سم
650 0 4 _aالفلك
650 0 4 _aالعرافة
650 0 4 _aالغيبيات
650 0 4 _aالتنجيم بالبروج
942 _2ddc
_cBK
999 _c7986
_d7986